• 首页
  • 本馆介绍
  • 公告通知
  • 最新文献
  • 馆藏检索
  • 电子资源
  • 读者导购
  • 参考咨询
  • 我的图书馆
  • 登录
  • 详细信息显示
  • 放入我的书架
  • 预约/预借图书
  • 作者相关作品
  • 分类相关作品
  • 丛书相关作品
  • 出版社相关作品

书目信息

  • 表格格式
  • 工作单格式
  • 卡片格式
题名:
特殊煤层开采技术研究
    
 
作者: 高建平 , 耿东坤 , 宋明明 著
分册:  
出版信息: 北京   北京工业大学出版社  2021.10
页数: 254页
开本: 24cm
丛书名:
单 册:
中图分类: TD823.2
科图分类:
主题词: 煤层--mei ceng--煤矿开采--研究--中国
电子资源:
ISBN: 978-7-5639-6768-1
000 00998nam0 2200265 450
001 CAL 0120227343492
005 20230217093112.0
010    @a978-7-5639-6768-1@dCNY50.00
100    @a20220106d2021 em y0chiy0120 ea
101 0  @achi
102    @aCN@b110000
105    @ay a 000yy
106    @ar
200 1  @a特殊煤层开采技术研究@Ate shu mei ceng kai cai ji shu yan jiu@f高建平, 耿东坤, 宋明明著
210    @a北京@c北京工业大学出版社@d2021.10
215    @a254页@d24cm
320    @a有书目 (第253-254页)
330    @a本书共九章, 内容包括: 我国煤炭开采与工业发展的现状, 薄、厚煤层开采的技术发展现状, 薄煤层开采的方法与选择, 薄煤层的机械化开采技术, 厚煤层的放顶煤开采技术研究, 厚煤层的分层开采与大采高开采技术研究等。
606 0  @a煤层@Amei ceng@x煤矿开采@x研究@y中国
690    @aTD823.2@v5
701  0 @a高建平@Agao jian ping@4著
701  0 @a耿东坤@Ageng dong kun@4著
701  0 @a宋明明@Asong ming ming@4著
801  0 @aCN@bBJXHZP@c20230228
905    @b1380208-11@dTD823.2@e172@f4
    
    特殊煤层开采技术研究/高建平, 耿东坤, 宋明明著.-北京:北京工业大学出版社,2021.10
    254页;24cm
    
    
    ISBN 978-7-5639-6768-1:CNY50.00
    本书共九章, 内容包括: 我国煤炭开采与工业发展的现状, 薄、厚煤层开采的技术发展现状, 薄煤层开采的方法与选择, 薄煤层的机械化开采技术, 厚煤层的放顶煤开采技术研究, 厚煤层的分层开采与大采高开采技术研究等。
●
相关链接 在E读中查询图书 在五车中查询图书 在当当中查询图书 在豆瓣中查询图书


正题名:特殊煤层开采技术研究     索取号:TD823.2/172         预约/预借

序号 登录号 条形码 馆藏地/架位号 状态 备注
1 1380208   213802081   第二样本阅览室/ [索取号:TD823.2/172] 在馆    
2 1380209   213802090   第三借阅区/ [索取号:TD823.2/172] 在馆    
3 1380210   213802107   第三借阅区/ [索取号:TD823.2/172] 在馆    
4 1380211   213802116   第三借阅区/ [索取号:TD823.2/172] 在馆    
唐山师范学院图书馆 欢迎您!
大连网信软件有限公司© 版权所有